[Event "CZE-chT2A 2223"]
[Site "Czech Republic"]
[Date "2023.03.26"]
[Round "11.8"]
[White "Matyska, Jiri"]
[Black "Gregor, Alexandr"]
[Result "1-0"]
[WhiteElo "1887"]
[BlackElo "1563"]
[PlyCount "79"]
[EventDate "2022.10.16"]
[EventType "team-tourn"]
[EventRounds "11"]
[EventCountry "CZE"]
[SourceTitle "EXT 2024"]
[Source "ChessBase"]
[SourceDate "2023.10.10"]
[SourceVersion "1"]
[SourceVersionDate "2023.10.10"]
[SourceQuality "1"]
[WhiteTeam "Praha Dukla"]
[BlackTeam "Budejovice II"]
[WhiteTeamCountry "CZE"]
[BlackTeamCountry "CZE"]

1. d4 Nf6 2. c4 g6 3. Nc3 Bg7 4. e4 0-0 5. f4 d6 6. Nf3 Nfd7 7. Be2 e5 8. fxe5 dxe5 9. d5 a5 10. 0-0 Nc5 11. Be3 b6 12. Nd2 Nbd7 13. Bg4 Nf6 14. Bxc8 Qxc8 15. Bxc5 bxc5 16. Nb3 Qb8 17. Qc2 a4 18. Nxc5 Qb6 19. Rxf6 Bxf6 20. Qf2 Bg7 21. N3xa4 Qb4 22. b3 Rfd8 23. Rf1 Bh6 24. Qxf7+ Kh8 25. Qf6+ Bg7 26. Qg5 Rf8 27. Ne6 Rxf1+ 28. Kxf1 Re8 29. Ke2 Qa3 30. Qd2 Qe7 31. g3 c6 32. Nac5 cxd5 33. cxd5 Qd6 34. Qa5 Bf8 35. Nd3 Rc8 36. Kd2 Bh6+ 37. Kd1 Be3 38. Qe1 Bd4 39. Qf1 Rc3 40. Qf6+ 1-0

[Event "CZE-chT2C 1718"]
[Site "Czech Republic"]
[Date "2018.03.18"]
[Round "10.8"]
[White "Matyska, Jiri"]
[Black "Horak, Vladimir"]
[Result "1/2-1/2"]
[WhiteElo "1944"]
[BlackElo "1958"]
[PlyCount "48"]
[EventDate "2017.10.15"]
[EventType "team-tourn"]
[EventRounds "11"]
[EventCountry "CZE"]
[SourceTitle "EXT 2022"]
[Source "ChessBase"]
[SourceDate "2021.10.06"]
[SourceVersion "1"]
[SourceVersionDate "2021.10.06"]
[SourceQuality "1"]
[WhiteTeam "Praha Dukla"]
[BlackTeam "Vlasim"]
[WhiteTeamCountry "CZE"]
[BlackTeamCountry "CZE"]

1. d4 Nf6 2. c4 e6 3. Nc3 d5 4. cxd5 exd5 5. Bg5 Be7 6. e3 0-0 7. Nf3 c6 8. Bd3 Bg4 9. h3 Bh5 10. g4 Bg6 11. Bxf6 Bxf6 12. Ne2 Qa5+ 13. Qd2 Qxd2+ 14. Kxd2 Bxd3 15. Kxd3 Nd7 16. b4 a5 17. a3 axb4 18. axb4 Nb6 19. Nc3 Rfc8 20. Nd2 Be7 21. Rab1 Ra3 22. Rhc1 Kf8 23. Ke2 Ke8 24. Rb2 Kd7 1/2-1/2

[Event "CZE-chT2C 1718"]
[Site "Czech Republic"]
[Date "2018.02.11"]
[Round "8.8"]
[White "Matyska, Jiri"]
[Black "Rolinek, Frantisek"]
[Result "1-0"]
[WhiteElo "1944"]
[BlackElo "1872"]
[PlyCount "47"]
[EventDate "2017.10.15"]
[EventType "team-tourn"]
[EventRounds "11"]
[EventCountry "CZE"]
[SourceTitle "EXT 2022"]
[Source "ChessBase"]
[SourceDate "2021.10.06"]
[SourceVersion "1"]
[SourceVersionDate "2021.10.06"]
[SourceQuality "1"]
[WhiteTeam "Praha Dukla"]
[BlackTeam "Ceske Budejovice"]
[WhiteTeamCountry "CZE"]
[BlackTeamCountry "CZE"]

1. d4 Nf6 2. c4 e6 3. Nc3 Bb4 4. e3 c5 5. Bd3 0-0 6. Nge2 d5 7. 0-0 b6 8. cxd5 exd5 9. a3 Bxc3 10. Nxc3 Bb7 11. dxc5 bxc5 12. b3 a6 13. Bb2 Nbd7 14. Rc1 Re8 15. Na4 Rc8 16. Qf3 Qe7 17. Bf5 Rc7 18. Qg3 Ne5 19. Rxc5 Rxc5 20. Nxc5 Qxc5 21. Bxe5 Nh5 22. Qh4 Rxe5 23. Qd8+ Qf8 24. Bxh7+ 1-0

[Event "CZE-chT2A 1516"]
[Site "Czech Republic"]
[Date "2016.04.03"]
[Round "10.8"]
[White "Tichy, Lukas"]
[Black "Matyska, Jiri"]
[Result "1/2-1/2"]
[WhiteElo "1952"]
[BlackElo "1927"]
[PlyCount "101"]
[EventDate "2015.10.18"]
[EventType "team-tourn"]
[EventRounds "11"]
[EventCountry "CZE"]
[SourceTitle "EXT 2022"]
[Source "ChessBase"]
[SourceDate "2021.10.06"]
[SourceVersion "1"]
[SourceVersionDate "2021.10.06"]
[SourceQuality "1"]
[WhiteTeam "Podborany"]
[BlackTeam "Praha Dukla"]
[WhiteTeamCountry "CZE"]
[BlackTeamCountry "CZE"]

1. e4 e6 2. d4 b6 3. Nf3 Bb7 4. d5 Nf6 5. dxe6 dxe6 6. Qxd8+ Kxd8 7. Ne5 Ke8 8. f3 Bc5 9. Nc3 a6 10. Nd3 Be7 11. Bf4 c5 12. 0-0-0 Nc6 13. Na4 Nd7 14. Bc7 b5 15. Nb6 Nxb6 16. Bxb6 c4 17. Nc5 Bc8 18. a4 Rb8 19. a5 Bxc5 20. Bxc5 Nxa5 21. Be2 Nb7 22. Ba7 Ra8 23. Bb6 e5 24. f4 Be6 25. fxe5 Rc8 26. Rd2 Ke7 27. Rhd1 Nc5 28. Bf3 Nd7 29. Ba5 Rc6 30. Bb4+ Nc5 31. Rd6 Rhc8 32. Rxc6 Rxc6 33. Rd6 Rc8 34. Rxa6 Ke8 35. Rd6 Nd7 36. Bc3 Rb8 37. Kd2 b4 38. Bd4 Rb5 39. Ke3 Ke7 40. Rc6 Nxe5 41. Bxe5 Rxe5 42. Kd4 Ra5 43. Rb6 b3 44. cxb3 cxb3 45. Rb4 Ra2 46. Kc3 Ra1 47. Rd4 Rc1+ 48. Kb4 Rc2 49. Ka3 Kf6 50. Rd3 Ke5 51. h3 1/2-1/2

[Event "Vsetin op 40th"]
[Site "Vsetin"]
[Date "2015.07.08"]
[Round "6"]
[White "Horyna, Josef"]
[Black "Matyska, Jiri"]
[Result "0-1"]
[WhiteElo "1833"]
[BlackElo "1926"]
[PlyCount "72"]
[EventDate "2015.07.04"]
[EventType "swiss"]
[EventRounds "9"]
[EventCountry "CZE"]
[SourceTitle "CBM 167 Extra"]
[Source "ChessBase"]
[SourceDate "2015.09.14"]
[SourceVersion "1"]
[SourceVersionDate "2015.09.14"]
[SourceQuality "1"]

1. d4 e6 2. Nf3 b6 3. Bf4 Bb7 4. e3 f5 5. Nbd2 Nf6 6. Be2 Be7 7. 0-0 0-0 8. c4 Nh5 9. Ne5 Nxf4 10. exf4 Bf6 11. Bf3 Qc8 12. Bxb7 Qxb7 13. Qf3 Qxf3 14. Ndxf3 d6 15. Nd3 Nc6 16. Rfe1 Rfe8 17. d5 exd5 18. cxd5 Ne7 19. Re2 Nxd5 20. Rae1 Rxe2 21. Rxe2 c5 22. g3 Nc7 23. Kf1 Kf7 24. Ng5+ Bxg5 25. fxg5 Re8 26. Nf4 Rxe2 27. Nxe2 Ke6 28. Nf4+ Ke5 29. h4 Ne6 30. Nd3+ Ke4 31. Ke2 Nd4+ 32. Kd2 d5 33. g6 hxg6 34. Nf4 Nf3+ 35. Ke2 g5 36. hxg5 Nxg5 0-1

[Event "Stare Mesto op"]
[Site "Stare Mesto"]
[Date "2014.08.11"]
[Round "5"]
[White "Dobes, Vojtech"]
[Black "Matyska, Jiri"]
[Result "1-0"]
[WhiteElo "2132"]
[BlackElo "1959"]
[PlyCount "35"]
[EventDate "2014.08.08"]
[EventType "swiss"]
[EventRounds "10"]
[EventCountry "CZE"]
[SourceTitle "CBM 162 Extra"]
[Source "ChessBase"]
[SourceDate "2014.10.17"]
[SourceVersion "1"]
[SourceVersionDate "2014.10.17"]
[SourceQuality "1"]

1. e4 e6 2. d4 b6 3. Bd3 Bb7 4. Nf3 c5 5. c3 Nf6 6. Qe2 Be7 7. 0-0 Nc6 8. dxc5 bxc5 9. e5 Nd5 10. c4 Nc7 11. Nc3 d5 12. exd6 Bxd6 13. Rd1 Qe7 14. Be3 Ne5 15. Be4 Nxf3+ 16. Qxf3 Bxe4 17. Nxe4 Rd8 18. Rxd6 1-0

[Event "CZE-chT2C 1314"]
[Site "Czech Republic"]
[Date "2014.03.23"]
[Round "10.8"]
[White "Matyska, Jiri"]
[Black "Soucek, Milan"]
[Result "1-0"]
[WhiteElo "1950"]
[BlackElo "2088"]
[PlyCount "85"]
[EventDate "2013.11.03"]
[EventType "team-tourn"]
[EventRounds "11"]
[EventCountry "CZE"]
[SourceTitle "EXT 2015"]
[Source "ChessBase"]
[SourceDate "2014.11.20"]
[SourceVersion "1"]
[SourceVersionDate "2014.11.20"]
[SourceQuality "1"]
[WhiteTeam "Praha Dukla"]
[BlackTeam "Kolin"]
[WhiteTeamCountry "CZE"]
[BlackTeamCountry "CZE"]

1. c4 d5 2. cxd5 c6 3. dxc6 Nxc6 4. Nc3 e5 5. d3 Bc5 6. g3 Nf6 7. Bg2 0-0 8. Nf3 h6 9. 0-0 Qe7 10. Qc2 Bf5 11. Na4 Bd6 12. Nh4 Bd7 13. Nc3 Be6 14. e3 Rac8 15. Qe2 Rfd8 16. a3 Na5 17. Bd2 Nb3 18. Rad1 Nxd2 19. Rxd2 Bxa3 20. Ne4 Bb4 21. Rc2 Bg4 22. Nxf6+ Qxf6 23. Qxg4 Rxc2 24. Qxb4 b6 25. Be4 Rdc8 26. Nf5 R8c7 27. Qb5 Rc8 28. Qd7 Kh8 29. Qxa7 h5 30. Qa3 g6 31. Ne7 Re8 32. Nd5 Qg5 33. h4 Qd8 34. Qb3 Qc8 35. Nxb6 Qc5 36. Qxf7 Re7 37. Qf6+ Kg8 38. Qxg6+ Kf8 39. Nd5 Rf7 40. Qxh5 Rcxf2 41. Rxf2 Rxf2 42. Kxf2 Qc2+ 43. Kg1 1-0

[Event "CZE-chT2C 1314"]
[Site "Czech Republic"]
[Date "2014.03.02"]
[Round "9.8"]
[White "Skalicky, Tomas"]
[Black "Matyska, Jiri"]
[Result "1/2-1/2"]
[WhiteElo "1989"]
[BlackElo "1950"]
[PlyCount "82"]
[EventDate "2013.11.03"]
[EventType "team-tourn"]
[EventRounds "11"]
[EventCountry "CZE"]
[SourceTitle "EXT 2015"]
[Source "ChessBase"]
[SourceDate "2014.11.20"]
[SourceVersion "1"]
[SourceVersionDate "2014.11.20"]
[SourceQuality "1"]
[WhiteTeam "Ricany"]
[BlackTeam "Praha Dukla"]
[WhiteTeamCountry "CZE"]
[BlackTeamCountry "CZE"]

1. d4 e6 2. g3 d5 3. c4 Nf6 4. Bg2 c5 5. Nf3 Nc6 6. 0-0 Be7 7. Nc3 dxc4 8. dxc5 Qxd1 9. Rxd1 Bxc5 10. Bf4 a6 11. Nd2 e5 12. Bg5 Be6 13. Bxf6 gxf6 14. Nd5 0-0-0 15. Nxf6 Nd4 16. Kf1 Be7 17. Nde4 h5 18. e3 Nc6 19. Rxd8+ Kxd8 20. Rd1+ Kc8 21. Nd5 Bxd5 22. Rxd5 Rd8 23. Rxd8+ Nxd8 24. h4 Ne6 25. Bf3 Ng7 26. Ke1 Kc7 27. Kd2 b5 28. Kc3 f5 29. Ng5 Kb6 30. Be2 a5 31. a3 Kc5 32. Nf7 f4 33. exf4 exf4 34. Ng5 Bf6+ 35. Kc2 fxg3 36. Ne4+ Kd4 37. Nxg3 Bxh4 38. Nxh5 Nxh5 39. Bxh5 Bxf2 40. Be8 Kc5 41. b3 cxb3+ 1/2-1/2

[Event "CZE-chT2B 1213"]
[Site "Czech Republic"]
[Date "2012.12.02"]
[Round "4.8"]
[White "Riha, Jaroslav1111"]
[Black "Matyska, Jiri"]
[Result "1-0"]
[WhiteElo "1966"]
[BlackElo "1944"]
[PlyCount "105"]
[EventDate "2012.10.14"]
[EventType "team-tourn"]
[EventRounds "11"]
[EventCountry "CZE"]
[SourceTitle "EXT 2015"]
[Source "ChessBase"]
[SourceDate "2014.11.20"]
[SourceVersion "1"]
[SourceVersionDate "2014.11.20"]
[SourceQuality "1"]
[WhiteTeam "Usti nad Labem"]
[BlackTeam "Praha Dukla"]
[WhiteTeamCountry "CZE"]
[BlackTeamCountry "CZE"]

1. c4 e6 2. g3 Nf6 3. Bg2 d5 4. cxd5 exd5 5. Nf3 c6 6. 0-0 Bd6 7. d3 0-0 8. Nc3 Bg4 9. h3 Bxf3 10. Bxf3 Qc7 11. e4 dxe4 12. dxe4 Nbd7 13. Bg2 Rad8 14. Qc2 Qb6 15. Kh1 Nh5 16. Kh2 Qc5 17. f4 g5 18. Qe2 gxf4 19. gxf4 Ng7 20. e5 Bb8 21. Ne4 Qe7 22. Be3 Rfe8 23. Qc4 Nf5 24. Bf2 Nxe5 25. fxe5 Qxe5+ 26. Ng3 Nxg3 27. Qg4+ Kh8 28. Bxg3 Qxg3+ 29. Qxg3 Bxg3+ 30. Kxg3 Rg8+ 31. Kf3 Rd3+ 32. Ke2 Rdg3 33. Bf3 Rxh3 34. Rh1 Rhg3 35. Kf2 f5 36. Rh5 R3g5 37. Rah1 Rxh5 38. Rxh5 Rf8 39. Ke3 Kg7 40. Kf4 Rd8 41. Rg5+ Kh6 42. Rg2 Rd3 43. Be2 Rd5 44. b3 a5 45. Bc4 Rc5 46. Bd3 a4 47. bxa4 Ra5 48. Bc2 b5 49. axb5 Rxa2 50. bxc6 Ra6 51. c7 Rc6 52. Bxf5 Rc4+ 53. Be4 1-0

[Event "CZE-chT2A 1112"]
[Site "Czech Republic"]
[Date "2012.04.22"]
[Round "11"]
[White "Matyska, Jiri"]
[Black "Novak, Michal"]
[Result "0-1"]
[WhiteElo "2047"]
[BlackElo "2125"]
[PlyCount "164"]
[EventDate "2011.10.09"]
[EventType "team-tourn"]
[EventRounds "11"]
[EventCountry "CZE"]
[SourceTitle "EXT 2013"]
[Source "ChessBase"]
[SourceDate "2012.11.22"]
[SourceVersion "1"]
[SourceVersionDate "2012.11.22"]
[SourceQuality "1"]
[WhiteTeam "Praha Dukla"]
[BlackTeam "Plzen Sokol"]
[WhiteTeamCountry "CZE"]
[BlackTeamCountry "CZE"]

1. d4 Nf6 2. c4 e6 3. Nc3 d5 4. cxd5 exd5 5. Bg5 Be7 6. e3 c6 7. Nf3 h6 8. Bxf6 Bxf6 9. Qc2 0-0 10. Bd3 Re8 11. 0-0 Nd7 12. b4 Nf8 13. b5 Qd6 14. bxc6 bxc6 15. Na4 Bg4 16. Nd2 Bd8 17. Rfc1 Rc8 18. Rab1 h5 19. h3 Bd7 20. Nc5 Bb6 21. Nf3 Bxc5 22. Qxc5 Qc7 23. Ba6 Ne6 24. Qc2 Rb8 25. Ne5 Rxb1 26. Qxb1 Nd8 27. Be2 g6 28. Nxg6 fxg6 29. Qxg6+ Kf8 30. Qh6+ Kg8 31. Qg5+ Kf8 32. Bxh5 Re7 33. Qxd5 Be6 34. Qf3+ Kg8 35. Rc5 Bd5 36. Qf6 Ne6 37. Qg6+ Rg7 38. Qe8+ Nf8 39. e4 Re7 40. Qa8 Rxe4 41. Rc1 Rxd4 42. Bg4 Rd2 43. Qe8 Qf4 44. Qe1 Rxf2 45. Qxf2 Qxc1+ 46. Kh2 Ng6 47. Qxa7 Qf4+ 48. Kg1 Qg3 49. Qf2 Qxf2+ 50. Kxf2 Bxa2 51. g3 Kf7 52. Ke3 c5 53. Ke4 Kf6 54. h4 Ne7 55. Bd7 Bd5+ 56. Kf4 Ng6+ 57. Ke3 Ne5 58. Bc8 Nf7 59. Kf4 Nd6 60. Bd7 Bb3 61. Ke3 Ke5 62. h5 Kf6 63. Bc6 Kg5 64. Bf3 Nf5+ 65. Kf2 Nd4 66. Bb7 Kxh5 67. Ke3 Kg4 68. Ke4 Kxg3 69. Ke3 Nf5+ 70. Kd3 Kf4 71. Kc3 Be6 72. Ba6 Nd6 73. Bd3 Ne4+ 74. Kc2 Ke5 75. Bb5 Kd4 76. Be2 Bc4 77. Bh5 Bd3+ 78. Kc1 c4 79. Bf7 c3 80. Bb3 Kc5 81. Bd1 Kb4 82. Bh5 Nc5 0-1

[Event "CZE-chT2A 1112"]
[Site "Czech Republic"]
[Date "2011.10.09"]
[Round "1"]
[White "Trcka, Vaclav"]
[Black "Matyska, Jiri"]
[Result "0-1"]
[WhiteElo "1884"]
[BlackElo "2047"]
[PlyCount "76"]
[EventDate "2011.10.09"]
[EventType "team-tourn"]
[EventRounds "11"]
[EventCountry "CZE"]
[SourceTitle "EXT 2013"]
[Source "ChessBase"]
[SourceDate "2012.11.22"]
[SourceVersion "1"]
[SourceVersionDate "2012.11.22"]
[SourceQuality "1"]
[WhiteTeam "Jindrichuv Hradec"]
[BlackTeam "Praha Dukla"]
[WhiteTeamCountry "CZE"]
[BlackTeamCountry "CZE"]

1. d4 b6 2. c4 e6 3. Nc3 Bb7 4. Nf3 f5 5. e3 Nf6 6. Be2 Bb4 7. Bd2 0-0 8. 0-0 Qe7 9. a3 Bxc3 10. Bxc3 Ne4 11. Rc1 d6 12. Nd2 Nxc3 13. Rxc3 Nd7 14. Bf3 Bxf3 15. Qxf3 Nf6 16. b4 a5 17. b5 Rad8 18. Rfc1 g5 19. Qe2 e5 20. d5 Kh8 21. Kh1 Qg7 22. Rf1 Ng4 23. f3 e4 24. Rcc1 exf3 25. gxf3 Nh6 26. Qd3 g4 27. f4 Rde8 28. Rfe1 g3 29. Rg1 Ng4 30. Qc3 gxh2 31. Qxg7+ Kxg7 32. Rg3 Kf6 33. Nf1 Re4 34. Nxh2 Nxe3 35. Rh3 Rf7 36. Nf3 Rxf4 37. Ng5 Kxg5 38. Rxe3 Rg4 0-1

[Event "CZE-chT2A 0809"]
[Site "Czech Republic"]
[Date "2009.02.22"]
[Round "9.8"]
[White "Matyska, Jiri"]
[Black "Vlach, Martin"]
[Result "1/2-1/2"]
[WhiteElo "2035"]
[BlackElo "1895"]
[PlyCount "87"]
[EventDate "2008.10.12"]
[EventType "team-tourn"]
[EventRounds "11"]
[EventCountry "CZE"]
[SourceTitle "EXT 2010"]
[Source "ChessBase"]
[SourceDate "2010.11.25"]
[SourceVersion "1"]
[SourceVersionDate "2010.11.25"]
[SourceQuality "1"]
[WhiteTeam "Praha Dukla"]
[BlackTeam "Ceske Budejovice II"]
[WhiteTeamCountry "CZE"]
[BlackTeamCountry "CZE"]

1. d4 Nf6 2. c4 g6 3. Nc3 Bg7 4. e4 d6 5. f4 0-0 6. Be2 c5 7. Nf3 cxd4 8. Nxd4 Nc6 9. Be3 Qb6 10. Nc2 Qa5 11. 0-0 Be6 12. Kh1 Rfe8 13. Bd2 Qd8 14. b3 Rc8 15. Qe1 a6 16. Rd1 Qc7 17. f5 Bd7 18. g4 Ne5 19. g5 Nxe4 20. fxg6 Nxd2 21. gxf7+ Nxf7 22. Nd5 Bc6 23. Rxd2 e6 24. Bh5 Re7 25. Bxf7+ Rxf7 26. Qxe6 Re8 27. Qxe8+ Bxe8 28. Nxc7 Rxf1+ 29. Kg2 Rf8 30. Nxe8 Rxe8 31. Kf3 Be5 32. Rg2 Kg7 33. Ne3 Rf8+ 34. Ke2 b5 35. Kd3 Kg6 36. Nd5 Rf7 37. cxb5 axb5 38. Ke4 Rf1 39. Nc7 Rf4+ 40. Kd5 Rf5 41. Nxb5 Bxh2+ 42. Kc4 Rc5+ 43. Kb4 Bf4 44. a4 1/2-1/2

[Event "Prague-ch 3rd phase"]
[Site "Prague"]
[Date "2008.06.12"]
[Round "9"]
[White "Ptak, Pavel"]
[Black "Matyska, Jiri"]
[Result "1-0"]
[WhiteElo "2128"]
[BlackElo "2055"]
[PlyCount "79"]
[EventDate "2008.04.10"]
[EventType "swiss"]
[EventRounds "9"]
[EventCountry "CZE"]
[SourceTitle "EXT 2010"]
[Source "ChessBase"]
[SourceDate "2010.11.25"]
[SourceVersion "1"]
[SourceVersionDate "2010.11.25"]
[SourceQuality "1"]

1. e4 e6 2. Nc3 b6 3. g3 Bb7 4. Bg2 g6 5. Nge2 Bg7 6. d4 Qc8 7. 0-0 Ne7 8. Bg5 f6 9. Be3 0-0 10. Qd2 f5 11. f3 Nbc6 12. Rad1 d6 13. b3 e5 14. d5 Nd8 15. Bg5 Qd7 16. Bh3 Bf6 17. Bxf6 Rxf6 18. g4 fxg4 19. fxg4 Rxf1+ 20. Rxf1 Nf7 21. Qe3 Rf8 22. g5 Qe8 23. a4 a6 24. Be6 Bc8 25. Ng3 Bxe6 26. dxe6 Nd8 27. Nd5 Rxf1+ 28. Nxf1 Nxd5 29. exd5 Qf8 30. Ng3 Nb7 31. b4 Nd8 32. Ne4 Qg7 33. Qf3 Qf8 34. Nf6+ Kg7 35. h4 Qe7 36. h5 Nxe6 37. h6+ Kf7 38. dxe6+ Kxe6 39. Qg4+ Kf7 40. Qc8 1-0

[Event "Prague-ch 3rd phase"]
[Site "Prague"]
[Date "2008.04.24"]
[Round "3"]
[White "Matyska, Jiri"]
[Black "Pataridis, Janis"]
[Result "1-0"]
[WhiteElo "2055"]
[BlackElo "2046"]
[PlyCount "77"]
[EventDate "2008.04.10"]
[EventType "swiss"]
[EventRounds "9"]
[EventCountry "CZE"]
[SourceTitle "EXT 2010"]
[Source "ChessBase"]
[SourceDate "2010.11.25"]
[SourceVersion "1"]
[SourceVersionDate "2010.11.25"]
[SourceQuality "1"]

1. d4 Nf6 2. Nf3 g6 3. c4 Bg7 4. Nc3 0-0 5. Bg5 h6 6. Bh4 d6 7. e3 Bg4 8. Be2 Nbd7 9. Qc2 c6 10. Rd1 Qa5 11. 0-0 Rfe8 12. h3 Bxf3 13. Bxf3 d5 14. b4 Qc7 15. Bg3 Qc8 16. cxd5 cxd5 17. Qb3 e6 18. Nb5 Nb6 19. Nd6 Qd7 20. Nxe8 Nxe8 21. Be2 Nd6 22. Bxd6 Qxd6 23. Rc1 a6 24. Rc2 Bf8 25. a3 e5 26. Rd1 Rd8 27. dxe5 Qxe5 28. Bf3 Kh7 29. Qc3 Qe6 30. Rcd2 Rc8 31. Qb3 Bg7 32. Bxd5 Qe7 33. Bxf7 Rf8 34. Be6 Qf6 35. f3 Re8 36. Rd6 Qg5 37. Rxb6 Rf8 38. Rxb7 h5 39. Rdd7 1-0

[Event "SVK-ch op-A"]
[Site "Banska Stiavnica"]
[Date "2007.07.13"]
[Round "7.55"]
[White "Zvarikova, Alexandra"]
[Black "Matyska, Jiri"]
[Result "0-1"]
[WhiteElo "1866"]
[BlackElo "2056"]
[PlyCount "114"]
[EventDate "2007.07.07"]
[EventType "swiss"]
[EventRounds "9"]
[EventCountry "SVK"]
[SourceTitle "EXT 2010"]
[Source "ChessBase"]
[SourceDate "2010.11.25"]
[SourceVersion "1"]
[SourceVersionDate "2010.11.25"]
[SourceQuality "1"]

1. e4 e6 2. d4 b6 3. Bd3 Bb7 4. c3 f5 5. Qe2 Nf6 6. f3 fxe4 7. fxe4 Nxe4 8. Nf3 Nf6 9. Bf4 Bd6 10. Bxd6 cxd6 11. Nbd2 0-0 12. 0-0-0 a5 13. Rhf1 Ba6 14. Ne4 Bxd3 15. Qxd3 Nxe4 16. Qxe4 d5 17. Qd3 Nc6 18. h4 Qe7 19. Ng5 g6 20. Rxf8+ Rxf8 21. Rf1 Rxf1+ 22. Qxf1 h6 23. Nf3 Kg7 24. Qa6 Qd8 25. Qb7 Kf6 26. Kd2 Ke7 27. Ke3 Qb8 28. Qxb8 Nxb8 29. h5 gxh5 30. Kf4 Kf6 31. Nd2 Nc6 32. Nf1 d6 33. Ne3 e5+ 34. dxe5+ dxe5+ 35. Kf3 Ke6 36. Ke2 b5 37. Nf1 b4 38. Nd2 bxc3 39. bxc3 d4 40. cxd4 Nxd4+ 41. Kd3 Kd5 42. Ne4 Ne6 43. Nf6+ Kc5 44. Nxh5 Nf4+ 45. Nxf4 exf4 46. Ke4 Kb4 47. Kxf4 Ka3 48. Kg4 Kxa2 49. Kh5 Kb3 50. Kxh6 a4 51. g4 a3 52. g5 a2 53. g6 a1Q 54. g7 Qf6+ 55. Kh7 Qf7 56. Kh8 Qh5+ 57. Kg8 Kc4 0-1

[Event "SVK-ch op-A"]
[Site "Banska Stiavnica"]
[Date "2007.07.11"]
[Round "5.45"]
[White "Siktanc, Petr"]
[Black "Matyska, Jiri"]
[Result "1/2-1/2"]
[WhiteElo "2191"]
[BlackElo "2056"]
[PlyCount "20"]
[EventDate "2007.07.07"]
[EventType "swiss"]
[EventRounds "9"]
[EventCountry "SVK"]
[SourceTitle "EXT 2010"]
[Source "ChessBase"]
[SourceDate "2010.11.25"]
[SourceVersion "1"]
[SourceVersionDate "2010.11.25"]
[SourceQuality "1"]

1. e4 e6 2. d4 b6 3. Nf3 Bb7 4. Nc3 Nf6 5. Bd3 d5 6. exd5 Nxd5 7. 0-0 Be7 8. Re1 Nxc3 9. bxc3 Nd7 10. Qe2 Nf6 1/2-1/2

[Event "SVK-ch op-A"]
[Site "Banska Stiavnica"]
[Date "2006.07.08"]
[Round "1"]
[White "Priehoda, Vitezslav"]
[Black "Matyska, Jiri"]
[Result "1-0"]
[WhiteElo "2383"]
[BlackElo "2084"]
[PlyCount "47"]
[EventDate "2006.07.08"]
[EventType "swiss"]
[EventRounds "9"]
[EventCountry "SVK"]
[SourceTitle "CBM 113 Extra"]
[Source "ChessBase"]
[SourceDate "2006.09.14"]
[SourceVersion "1"]
[SourceVersionDate "2006.09.14"]
[SourceQuality "1"]

1. d4 e6 2. e4 b6 3. Bd3 Bb7 4. Nf3 Nf6 5. Qe2 c5 6. c3 Be7 7. 0-0 Nc6 8. a3 Na5 9. Nbd2 c4 10. Bc2 Qc7 11. Re1 0-0 12. Rb1 b5 13. Nf1 h6 14. Ng3 d6 15. h3 Nh7 16. Nh2 Bh4 17. Nh5 f5 18. Nf3 Bg5 19. Nxg5 Nxg5 20. Bxg5 hxg5 21. exf5 exf5 22. Qe6+ Rf7 23. Bxf5 Raf8 24. Bg6 1-0

[Event "Prague-ch 3rd lag"]
[Site "Prague"]
[Date "2006.04.20"]
[Round "2"]
[White "Matyska, Jiri"]
[Black "Kamlach, Miroslav"]
[Result "1/2-1/2"]
[WhiteElo "2076"]
[BlackElo "2123"]
[PlyCount "103"]
[EventDate "2006.04.13"]
[EventType "swiss"]
[EventRounds "7"]
[EventCountry "CZE"]
[SourceTitle "EXT 2008"]
[Source "ChessBase"]
[SourceDate "2007.11.25"]
[SourceVersion "1"]
[SourceVersionDate "2007.11.25"]
[SourceQuality "1"]

1. d4 Nf6 2. Nf3 g6 3. c4 Bg7 4. Bg5 h6 5. Bh4 d6 6. Nc3 0-0 7. e3 Bf5 8. h3 g5 9. g4 Bg6 10. Bg3 Ne4 11. Nxe4 Bxe4 12. Bd3 Bxd3 13. Qxd3 c6 14. 0-0-0 Qa5 15. Kb1 b5 16. cxb5 Qxb5 17. Qxb5 cxb5 18. Rc1 Na6 19. Rc3 Rfc8 20. Rhc1 Rxc3 21. Rxc3 Kf8 22. h4 Bf6 23. hxg5 hxg5 24. a3 Rd8 25. Rc6 Nb8 26. Rc7 a6 27. Kc2 e6 28. Kd3 Be7 29. d5 e5 30. Ke4 f6 31. Kf5 Kf7 32. Nd2 Rd7 33. Rc8 Rd8 34. Rxd8 Bxd8 35. Ne4 Be7 36. f4 Nd7 37. fxg5 fxg5 38. Nxg5+ Bxg5 39. Kxg5 Nf6 40. Kf5 Nxd5 41. Ke4 Ke6 42. Kd3 Nb6 43. b3 Nd7 44. Bh4 Nc5+ 45. Kc3 d5 46. Bd8 Nb7 47. Bc7 Nc5 48. Kb4 Nb7 49. g5 Kf5 50. g6 Kxg6 51. Bxe5 Kf5 52. Bd4 1/2-1/2

[Event "Klatovy op-A"]
[Site "Klatovy"]
[Date "2004.07.08"]
[Round "6"]
[White "Ceplecha, Tomas"]
[Black "Matyska, Jiri"]
[Result "1/2-1/2"]
[WhiteElo "2011"]
[BlackElo "2074"]
[PlyCount "47"]
[EventDate "2004.07.03"]
[EventType "swiss"]
[EventRounds "9"]
[EventCountry "CZE"]
[SourceTitle "CBM 101 Extra"]
[Source "ChessBase"]
[SourceDate "2004.09.01"]
[SourceVersion "2"]
[SourceVersionDate "2004.09.01"]
[SourceQuality "1"]

1. c4 b6 2. Nc3 e6 3. d4 Bb7 4. Nf3 Bb4 5. g3 Nf6 6. a3 Bxc3+ 7. bxc3 Nc6 8. Bg2 Na5 9. Qa4 Bc6 10. Qb4 Qe7 11. c5 Bd5 12. cxb6 axb6 13. Rb1 Be4 14. Nh4 Bxg2 15. Nxg2 Nd5 16. Qxe7+ Kxe7 17. Kd2 Nc4+ 18. Kd3 Ra4 19. e4 Nf6 20. Rb4 Rxb4 21. axb4 b5 22. Bg5 h6 23. Bxf6+ Kxf6 24. Ra1 1/2-1/2

[Event "Klatovy op-A"]
[Site "Klatovy"]
[Date "2004.07.06"]
[Round "4"]
[White "Folkova, Martina"]
[Black "Matyska, Jiri"]
[Result "1/2-1/2"]
[WhiteElo "2165"]
[BlackElo "2074"]
[PlyCount "118"]
[EventDate "2004.07.03"]
[EventType "swiss"]
[EventRounds "9"]
[EventCountry "CZE"]
[SourceTitle "CBM 101 Extra"]
[Source "ChessBase"]
[SourceDate "2004.09.01"]
[SourceVersion "2"]
[SourceVersionDate "2004.09.01"]
[SourceQuality "1"]

1. e4 Nf6 2. e5 Nd5 3. d4 d6 4. Nf3 g6 5. Ng5 Bg7 6. Bc4 e6 7. f4 Nb6 8. Bd3 0-0 9. c3 Bd7 10. Nd2 dxe5 11. dxe5 Bxe5 12. Qg4 h5 13. Qg3 Bf6 14. Nde4 Bc6 15. Nxf6+ Qxf6 16. Be3 Nd5 17. Bc5 Rd8 18. 0-0 Ne7 19. Rad1 Na6 20. Bxa6 bxa6 21. Bd4 Rxd4 22. cxd4 Rb8 23. Qc3 Rb6 24. b3 Nf5 25. Nf3 Nd6 26. Ne5 Bb5 27. Qxc7 Bxf1 28. Rxf1 Nb5 29. Qc8+ Kg7 30. d5 Nd6 31. Qc5 Ne4 32. Qd4 exd5 33. Qxd5 Rb4 34. Nd7 Qc3 35. Qe5+ Qxe5 36. Nxe5 Nc3 37. Rf2 Rxf4 38. Rxf4 Ne2+ 39. Kf2 Nxf4 40. Kf3 Nd5 41. Nc6 Kf6 42. a4 Ke6 43. Ke4 f5+ 44. Kd4 g5 45. b4 h4 46. Nd8+ Kd6 47. Nf7+ Ke7 48. Nxg5 Nxb4 49. Ke5 Nd3+ 50. Kxf5 Nb2 51. Nf3 h3 52. g4 Nxa4 53. g5 Kf7 54. g6+ Kg7 55. Ng5 Nc5 56. Nxh3 a5 57. Nf4 a4 58. Nd5 a3 59. Nc3 Nb3 1/2-1/2